Toán bồi dưỡng học sinh lớp 7 Phần hình học
Enregistré dans:
| Auteur principal: | |
|---|---|
| Autres auteurs: | , |
| Format: | Livre |
| Langue: | Vietnamese |
| Publié: |
Hà Nội
sở Giáo dục và đào tạo
1993
|
| Sujets: | |
| Tags: |
Ajouter un tag
Pas de tags, Soyez le premier à ajouter un tag!
|
| Thư viện lưu trữ: | Trung tâm Học liệu Lê Vũ Hùng, Trường Đại học Đồng Tháp |
|---|
| LEADER | 00841aam a22002538a 4500 | ||
|---|---|---|---|
| 001 | 00042493 | ||
| 005 | 20181002141053.0 | ||
| 008 | 120403s2007 ||||||viesd | ||
| 020 | # | # | |c 5050 |
| 041 | 0 | # | |a vie |
| 082 | 1 | 4 | |a 516 |b T406B |
| 100 | 1 | # | |a Vũ, Hữu Bình |
| 245 | 1 | 0 | |c Vũ Hữu Bình; Tôn Thân ; Đỗ Quang Thiều |a Toán bồi dưỡng học sinh lớp 7 |b Phần hình học |
| 260 | # | # | |a Hà Nội |b sở Giáo dục và đào tạo |c 1993 |
| 300 | # | # | |c 21 cm. |a 123 tr. |
| 653 | # | # | |a Bài tập |
| 653 | # | # | |a bồi Dưỡng |
| 653 | # | # | |a Toán học |
| 653 | # | # | |a Hình học |
| 700 | 1 | # | |a Đỗ, Quang Thiều |
| 700 | 1 | # | |a Tôn, Thân |
| 852 | # | # | |j KD.0024088 |
| 910 | |d 02/10/2018 | ||
| 980 | # | # | |a Trung tâm Học liệu Lê Vũ Hùng, Trường Đại học Đồng Tháp |